| 000 | 00346nam a2200145Ia 4500 | ||
|---|---|---|---|
| 008 | 150201s2006 xx 000 0 und d | ||
| 082 |
_a616.8 _bC2006S |
||
| 100 | _aSNELL | ||
| 245 | _aCLINICAL NEURO ANATOMY | ||
| 250 | _a6TH | ||
| 260 |
_bLIPPINCOTT PUBLICATION _aPHILADELPHIA _c2006 |
||
| 300 | _a1-539 | ||
| 650 | _aANATOMY | ||
| 942 |
_2ddc _cBK |
||
| 999 |
_c4310 _d4310 |
||